000 00799cam a22002773a 4500
001 9671
003 PGUSA
005 20140828083215.0
008 060101s2006||||xxu|||||s|||||000 1 eng d
040 _aPGUSA
_beng
042 _adc
050 4 _aPR
100 1 _aEliot, George,
_d1819-1880
245 1 0 _aDaniel Deronda
_h[electronic resource] /
_cGeorge Eliot
260 _bProject Gutenberg,
_c2006
506 _aCopyrighted. Read the copyright notice inside this book for details.
516 _aElectronic text
653 _aDidactic fiction
653 _aJewish fiction
653 _aJews -- England -- Fiction
653 _aZionists -- Fiction
653 _aEngland -- Fiction
830 0 _aProject Gutenberg
_v9671
856 4 0 _uhttp://www.gutenberg.org/ebooks/9671
942 _cAB
999 _c238927
_d238927